| 000 | 00468cam a2200181ua 4500 | ||
|---|---|---|---|
| 001 | 918 | ||
| 008 | 110423n ii |||gr||||Z||||||eng | ||
| 040 | _cMAIN | ||
| 082 | _a320.954 | ||
| 245 | 1 |
_aIndian government and politics. _cBy Hans Raj. |
|
| 250 | _a1st. | ||
| 260 |
_aNew Delhi.: _bSurajeet publications.,999. |
||
| 300 |
_axxi, 185 p.: _c34 cm. |
||
| 653 | _aPolitical science. | ||
| 653 | _aIndian government & politics. | ||
| 700 | _aRaj, Hans., | ||
| 942 | _cBK | ||
| 999 |
_c841 _d841 |
||